00399 2200169 4500245003800000020001800038250001100056100001800067700002600085650001700111005001900128260002800147041001400175084000800189300002300197336000900220 aCermin CintacN. RiantiarnohText a9789797595586 aCet. 1 aN. Riantiarno aA. Ariobimo Nusantara aNovel Remaja a20230331104458 aJakartabGrasindoc2006 aIndonesia a813 a371 hlm. :c20 cm. atext